Finansovo-chozjajstvennyj kontrol v upravlenii ekonomikoj

Enregistré dans:
Détails bibliographiques
Auteur principal: Belobžeckij, Izrail' Abramovič
Format: Livre
Langue:russe
Publié: Moskva Finansy 1979
Tags: Ajouter un tag
Pas de tags, Soyez le premier à ajouter un tag!

MARC

LEADER 00000nam a2200000 4500
001 c142305
005 20041019155324.5
041 0 |a rus 
044 |a RU 
245 1 0 |a Finansovo-chozjajstvennyj kontrol v upravlenii ekonomikoj  |c Izrail' Abramovič Belobžeckij 
264 1 |a Moskva  |b Finansy  |c 1979 
300 |a 159 s. 
100 1 |a Belobžeckij, Izrail' Abramovič